| 000 | 00537cam a22001815a 4500 | ||
|---|---|---|---|
| 001 | ##J100649 | ||
| 008 | 000000s1892 000 0 eng u | ||
| 035 | _a(Sirsi) u100649 | ||
| 041 | 0 | _aeng | |
| 050 | 0 | 4 | _a333.33092 $2 18 |
| 110 | 2 |
_aAuctioneers' Institute of the United Kingdom _93785 |
|
| 245 | 0 | 0 | _aYear book, containing list of members, memorandum and articles of association and bye-laws |
| 260 |
_aLondon _bEstates Gazette _c1892 |
||
| 300 |
_a138p. _c22cm. |
||
| 350 | _a2s. | ||
| 690 |
_aAuctioneering _96218 |
||
| 942 | _n0 | ||
| 999 |
_c99735 _d99735 |
||